|
|
|
|
| LEADER |
00000n m0a2200000 4500 |
| 001 |
153645 |
| 005 |
20231031151456.0 |
| 035 |
|
|
|a (RuTPU)RU\TPU\book\166685
|
| 090 |
|
|
|a 153645
|
| 100 |
|
|
|a 20090214d1975 km y0rusy50 ca
|
| 101 |
0 |
|
|a rus
|
| 102 |
|
|
|a RU
|
| 105 |
|
|
|a a z 001zy
|
| 200 |
1 |
|
|a Теплообмен почвы с атмосферой в северных и умеренных широтах территории СССР
|f А. В. Павлов
|g Академия наук СССР (АН СССР), Сибирское отделение (СО), Институт мерзлотоведения (ИМЗ)
|
| 210 |
|
|
|a Якутск
|c Якутское книжное изд-во
|d 1975
|
| 215 |
|
|
|a 304 с.
|c ил.
|
| 320 |
|
|
|a Библиогр.: с. 271-283.
|
| 610 |
1 |
|
|a геология
|
| 610 |
1 |
|
|a почва
|
| 610 |
1 |
|
|a атмосфера
|
| 610 |
1 |
|
|a теплообмен
|
| 610 |
1 |
|
|a северные широты
|
| 610 |
1 |
|
|a тепловой режим
|
| 610 |
1 |
|
|a снежный покров
|
| 610 |
1 |
|
|a растительный покров
|
| 610 |
1 |
|
|a геокриологические исследования
|
| 610 |
1 |
|
|a техногенные изменения
|
| 675 |
|
|
|a 551.52
|v 3
|
| 700 |
|
1 |
|a Павлов
|b А. В.
|g Александр Владимирович
|
| 712 |
0 |
2 |
|a Академия наук СССР (АН СССР)
|b Сибирское отделение (СО)
|b Институт мерзлотоведения (ИМЗ)
|c (Якутск)
|2 stltpush
|3 (RuTPU)RU\TPU\col\12256
|
| 801 |
|
1 |
|a RU
|b 63413507
|c 20090214
|g PSBO
|
| 801 |
|
2 |
|a RU
|b 63413507
|c 20150209
|g RCR
|
| 942 |
|
|
|c BK
|